00622cam a22001933a 45000010005000000030006000050050017000110080041000280400015000690420007000840500007000912450127000982600029002255060030002545160020002846530055003048300028003598560041003879882PGUSA20140828083217.0060201s2006||||xxu|||||s|||||000 | eng d aPGUSAbeng adc 4aAP14aThe Mirror of Literature, Amusement, and Instruction :bVolume 10, No. 262, July 7, 1827h[electronic resource] /cVarious bProject Gutenberg,c2006 aPublic domain in the USA. aElectronic text aPopular literature -- Great Britain -- Periodicals 0aProject Gutenbergv988240uhttp://www.gutenberg.org/ebooks/9882